Strategie průmyslového vlastnictví

Salvato in:
Dettagli Bibliografici
Autore principale: Čada, Karel
Natura: Libro
Lingua:ceco
Pubblicazione: Praha Metropolitan University Prague Press 2014
Soggetti:
Tags: Aggiungi Tag
Nessun Tag, puoi essere il primo ad aggiungerne!!

MARC

LEADER 00000nam a2200000 4500
001 0209081
005 20221207093848.2
020 |a 978-80-86855-46-2 
041 0 |a cze 
044 |a CZ 
245 1 0 |a Strategie průmyslového vlastnictví  |c Karel Čada 
264 1 |a Praha  |b Metropolitan University Prague Press  |c 2014 
300 |a 339 s. 
610 2 0 |a vlastníctvo priemyselné 
610 2 0 |a majetok nehmotný 
610 2 0 |a patenty 
610 2 0 |a ochrana právna 
610 2 0 |a tajomstvo obchodné 
610 2 0 |a know-how 
610 2 0 |a vlastníctvo duševné 
610 2 0 |a známky ochranné 
610 2 0 |a označovanie tovarov 
610 2 0 |a súťaž hospodárska 
100 1 |a Čada, Karel